Torschützenliste der Premier League 2015-2016 - Statistiken

Allgemein
  • Dieses Quiz wurde 49 mal gespielt
  • Das Durchschnittsergebnis liegt bei 7 aus 10
Antwortstatistiken
Tore Nationalität Verein Spieler % Korrekt
25 England Tottenham Hotspur Harry Kane
100%
24 England Leicester City Jamie Vardy
100%
24 Argentinien Manchester City Sergio Agüero
100%
13 Chile FC Arsenal Alexis Sánchez
98%
17 Algerien Leicester City Riyad Mahrez
98%
18 Belgien FC Everton Romelu Lukaku
93%
16 Frankreich FC Arsenal Olivier Giroud
74%
15 England AFC Sunderland Jermain Defoe
39%
13 England FC Watford Troy Deeney
22%
15 Nigeria FC Watford Odion Ighalo
13%
Keine übereinstimmenden Quizze gefunden
Verteilung der Resultate
Anzahl Personen mit jedem Resultat
Perzentil nach korrekt beantworteten Fragen
Ihre Resultats-Entwicklung
Sie haben dieses Quiz noch nicht gespielt